Modern-Day Countries of the Chinese Empire under the Tang Dynasty - Statistics

General Stats
  • This quiz has been taken 5,919 times
  • The average score is 13 of 13
Answers on the Map
Answers color-coded by a green-red scale on the quiz's map according to % correct below.
 
Answer Stats
Countries % Correct
China
100%
Mongolia
100%
Russia
100%
Kazakhstan
99%
South Korea
99%
Afghanistan
98%
Pakistan
98%
Uzbekistan
98%
Vietnam
98%
Kyrgyzstan
97%
Tajikistan
97%
Turkmenistan
97%
India
83%
No matching quizzes found
Score Distribution
Percent of People with Each Score
Percentile by Number Answered
Your Score History
You have not taken this quiz